|
|
|
|
| LEADER |
00000nab a2200000 a 4500 |
| 001 |
vtls000925992 |
| 003 |
SK-MaSNL |
| 005 |
20260303033729.0 |
| 008 |
040720e19980000xo 0 slo |
| 035 |
|
|
|a KE34869
|
| 040 |
|
|
|a KEVKJB
|b slo
|c KEVKJB
|e AACR2
|
| 041 |
0 |
|
|a slo
|
| 044 |
|
|
|a xo
|c SK
|
| 080 |
|
|
|a 796.41
|2 1981
|
| 100 |
1 |
|
|a Horáčková, Marta
|4 aut
|9 838511
|
| 245 |
1 |
0 |
|a Deň s majstrom sveta
|b Na návšteve u košického kulturistu Jaroslava Horvátha
|
| 590 |
|
|
|a Horváth, Jaroslav 1971-,
|b kulturista, majster Slovenska, majster sveta
|
| 600 |
1 |
7 |
|a Horváth, Jaroslav,
|d 1971-,
|2 KEVKJB
|9 93082
|
| 650 |
0 |
7 |
|a kulturistika
|2 KEVKJB
|9 3254
|
| 650 |
0 |
7 |
|a reportáže
|2 KEVKJB
|9 75670
|
| 651 |
|
7 |
|a Košice (Slovensko)
|2 KEVKJB
|9 18694
|
| 651 |
|
7 |
|a KE,
|2 KEVKJB
|9 877256
|
| 655 |
|
7 |
|a periodikum
|2 snkbucl
|9 29553
|
| 773 |
0 |
8 |
|t Muscle & Fitness
|g Roč. 7, č.2 (1998), s. 40-43
|
| 852 |
|
|
|a ZVYKNI
|b KIS3GCP
|
| 999 |
|
|
|c 1671213
|d 1673143
|